=LDR 00000nam 2200000 4500 =001 INLIS000000000809893 =008 ###################################ind## =035 ##$$a 0010-0925000018 =245 ##$$a 35 Amal Pelebur Dosa / $c Fatin Binti Abdul Aziz =260 ##$$b Darul Haq =084 ##$$a 297.57 FAT